[Event "25. Torneo de Moratalaz 2012"]
[Site "Madrid ESP"]
[Date "2012.09.19"]
[Round "5.4"]
[White "Sotoca Aguado, Jose"]
[Black "Hernandez Carmenate, Holden"]
[Result "0-1"]
[WhiteElo "1984"]
[BlackElo "2561"]
[PlyCount "60"]
[EventDate "2012.09.15"]
[EventType "swiss"]
[EventRounds "9"]
[EventCountry "ESP"]
[Source "lmi"]
[SourceDate "2012.09.15"]

1. e4 Nf6 2. e5 Nd5 3. d4 d6 4. Nf3 Bg4 5. exd6 exd6 6. Be2 Be7 7. O-O O-O 8.
c4 Nb6 9. Nc3 Nc6 10. b3 d5 11. c5 Nc8 12. Be3 Bf6 13. h3 Be6 14. b4 g6 15. b5
Na5 16. Qc1 b6 17. Bg5 Bxg5 18. Nxg5 Qf6 19. Nf3 Ne7 20. Rd1 Rad8 21. a4 Nb3
22. Qc2 Nxa1 23. Rxa1 Bf5 24. Qb2 bxc5 25. dxc5 d4 26. Nd1 Rfe8 27. Rc1 Nd5 28.
Bf1 Nf4 29. Qd2 Be4 30. Nh2 Qg5 0-1

[Event "25. Torneo de Moratalaz 2012"]
[Site "Madrid ESP"]
[Date "2012.09.19"]
[Round "5.5"]
[White "Horcajada Reales, Guillermo"]
[Black "Vukotic Jovsic, Dragan"]
[Result "1/2-1/2"]
[WhiteElo "2207"]
[BlackElo "1994"]
[PlyCount "110"]
[EventDate "2012.09.15"]
[EventType "swiss"]
[EventRounds "9"]
[EventCountry "ESP"]
[Source "lmi"]
[SourceDate "2012.09.15"]

1. d4 Nf6 2. c4 e6 3. Nc3 d5 4. Bg5 Be7 5. e3 Nbd7 6. Nf3 O-O 7. Rc1 c6 8. Bd3
dxc4 9. Bxc4 a6 10. O-O b5 11. Bd3 c5 12. Ne4 c4 13. Nxf6+ gxf6 14. Be4 fxg5
15. Bxa8 f5 16. Ne5 Nxe5 17. dxe5 Qc7 18. Rc2 Qb8 19. Bc6 Qc7 20. Ba8 Qb8 21.
Bf3 g4 22. Be2 Qxe5 23. Qd4 Qxd4 24. exd4 Rd8 25. b3 cxb3 26. axb3 Bf6 27. Rfc1
Bb7 28. Rc7 Bd5 29. Ra1 Bxb3 30. Rxa6 Bxd4 31. Bxb5 Be5 32. Rc1 Rd2 33. Ra7 Rd8
34. Ba6 Bd4 35. Rac7 Be5 36. Rc8 Rxc8 37. Rxc8+ Kg7 38. Bc4 Bxc4 39. Rxc4 Bf6
40. f3 h5 41. fxg4 hxg4 42. Rc6 Kf7 43. Kf2 Bh4+ 44. Ke3 Kf6 45. Rc5 Bg5+ 46.
Kd3 Bf4 47. h3 gxh3 48. gxh3 e5 49. Rc8 Kg6 50. Rg8+ Kh7 51. Rg2 Kh6 52. Kc4
Kh5 53. Rg8 Kh4 54. Kd5 Kxh3 55. Ke6 Bg3 1/2-1/2

[Event "25. Torneo de Moratalaz 2012"]
[Site "Madrid ESP"]
[Date "2012.09.20"]
[Round "6.1"]
[White "Moreno Ruiz, Javier"]
[Black "Fayos Mestre, Jose Maria"]
[Result "1-0"]
[WhiteElo "2492"]
[BlackElo "1997"]
[PlyCount "49"]
[EventDate "2012.09.15"]
[EventType "swiss"]
[EventRounds "9"]
[EventCountry "ESP"]
[Source "lmi"]
[SourceDate "2012.09.15"]

1. c4 Nf6 2. Nc3 d5 3. cxd5 Nxd5 4. g3 g6 5. Bg2 Nb6 6. d3 Bg7 7. Be3 N8d7 8.
Qd2 Nf6 9. Bh6 O-O 10. h4 Bxh6 11. Qxh6 Ng4 12. Qd2 h5 13. Nh3 Kg7 14. O-O c6
15. Ng5 e5 16. b4 a6 17. Qb2 f5 18. a4 f4 19. gxf4 Rxf4 20. a5 Nd5 21. Nxd5
cxd5 22. f3 Nf6 23. Qxe5 Rxh4 24. Rac1 Qe8 25. Rc7+ 1-0

[Event "25. Torneo de Moratalaz 2012"]
[Site "Madrid ESP"]
[Date "2012.09.20"]
[Round "6.2"]
[White "Arribas Lopez, Angel"]
[Black "Roa Alonso, Santiago"]
[Result "0-1"]
[WhiteElo "2467"]
[BlackElo "2426"]
[PlyCount "138"]
[EventDate "2012.09.15"]
[EventType "swiss"]
[EventRounds "9"]
[EventCountry "ESP"]
[Source "lmi"]
[SourceDate "2012.09.15"]

1. e4 e6 2. Qe2 e5 3. f4 exf4 4. d4 d5 5. exd5+ Be7 6. Bxf4 Nf6 7. Nc3 O-O 8.
O-O-O Bg4 9. Nf3 Bb4 10. Qb5 Bxc3 11. bxc3 Qxd5 12. Qxd5 Nxd5 13. Bd2 Nd7 14.
c4 N5f6 15. Bd3 Rfe8 16. Rde1 c6 17. h3 Bxf3 18. gxf3 c5 19. d5 Ne5 20. f4 Nf3
21. Re3 Nxd2 22. Kxd2 Rxe3 23. Kxe3 Ne8 24. f5 Nd6 25. f6 Re8+ 26. Kf4 gxf6 27.
Rg1+ Kh8 28. Rb1 Re5 29. Rb3 b5 30. Kf3 bxc4 31. Rb8+ Kg7 32. Be2 Rxd5 33. Ra8
Rd2 34. a4 Rxc2 35. Rxa7 Nf5 36. Bf1 Rc1 37. Kf2 c3 38. Rc7 Nd6 39. Bd3 Rd1 40.
Ke2 Rd2+ 41. Ke3 c4 42. Bxc4 Nf5+ 43. Kf4 c2 44. Bxf7 c1=Q 45. Rxc1 Rf2+ 46.
Ke4 Kxf7 47. a5 Ke6 48. Ra1 Nd6+ 49. Kd4 Rf5 50. a6 Nb5+ 51. Kc4 Na7 52. Kb4
Kd6 53. Rg1 Nc6+ 54. Kc4 Rc5+ 55. Kb3 Ra5 56. Rg7 h5 57. Rh7 Ke6 58. Kc4 Rxa6
59. Rxh5 Ne5+ 60. Kd4 Ra4+ 61. Ke3 f5 62. Rh6+ Kd5 63. Rf6 Re4+ 64. Kf2 f4 65.
Rf8 Ra4 66. h4 Ra2+ 67. Kg1 Ke4 68. h5 Kf3 69. Rb8 Ra1+ 0-1

[Event "25. Torneo de Moratalaz 2012"]
[Site "Madrid ESP"]
[Date "2012.09.20"]
[Round "6.3"]
[White "Hernandez Carmenate, Holden"]
[Black "Estrada Martinez, Cesar"]
[Result "1-0"]
[WhiteElo "2561"]
[BlackElo "2111"]
[PlyCount "61"]
[EventDate "2012.09.15"]
[EventType "swiss"]
[EventRounds "9"]
[EventCountry "ESP"]
[Source "lmi"]
[SourceDate "2012.09.15"]

1. d4 c5 2. d5 Nf6 3. c4 b5 4. cxb5 a6 5. bxa6 Bxa6 6. Nc3 g6 7. e4 Bxf1 8.
Kxf1 d6 9. g3 Bg7 10. Kg2 Qb6 11. Nf3 Nbd7 12. Qe2 Qa6 13. Nb5 O-O 14. a4 Rfb8
15. Bd2 Ne8 16. Bc3 Nc7 17. Bxg7 Kxg7 18. Ra3 Nxb5 19. axb5 Qb7 20. Rb1 Nb6 21.
Ra6 Ra7 22. b4 c4 23. Rba1 Rba8 24. Qa2 Rxa6 25. bxa6 Qc7 26. Nd4 c3 27. Nc6 e6
28. Qb3 exd5 29. exd5 c2 30. b5 Kg8 31. Rc1 1-0

[Event "25. Torneo de Moratalaz 2012"]
[Site "Madrid ESP"]
[Date "2012.09.20"]
[Round "6.4"]
[White "Hernando Pertierra, Jose Carlos"]
[Black "Avendano Mateos, Jose"]
[Result "1/2-1/2"]
[WhiteElo "2376"]
[BlackElo "2014"]
[PlyCount "73"]
[EventDate "2012.09.15"]
[EventType "swiss"]
[EventRounds "9"]
[EventCountry "ESP"]
[Source "lmi"]
[SourceDate "2012.09.15"]

1. Nf3 d5 2. g3 c6 3. Bg2 Bg4 4. O-O Nd7 5. h3 Bh5 6. d4 e6 7. Nbd2 Bxf3 8.
Bxf3 f5 9. c4 Bd6 10. Qb3 Rb8 11. Bg2 Ngf6 12. cxd5 exd5 13. Nf3 Ne4 14. Bf4
Bxf4 15. gxf4 O-O 16. Rad1 Kh8 17. e3 Rf6 18. Ng5 Qe7 19. Nxe4 fxe4 20. Qa3
Qxa3 21. bxa3 Nb6 22. Rc1 Nc4 23. Rc3 Nd6 24. f3 exf3 25. Bxf3 Re8 26. Kf2 g6
27. a4 a6 28. Rb1 Re7 29. Re1 Rfe6 30. Re2 h5 31. Re1 Kg7 32. a5 Nb5 33. Rd3
Nd6 34. Rc1 Kh6 35. a4 Kh7 36. Rb3 Kh6 37. Rbc3 1/2-1/2

[Event "25. Torneo de Moratalaz 2012"]
[Site "Madrid ESP"]
[Date "2012.09.20"]
[Round "6.5"]
[White "Montoya Pecurul, Marc"]
[Black "Prieto Martin, Alfonso"]
[Result "0-1"]
[WhiteElo "1925"]
[BlackElo "2146"]
[PlyCount "88"]
[EventDate "2012.09.15"]
[EventType "swiss"]
[EventRounds "9"]
[EventCountry "ESP"]
[Source "lmi"]
[SourceDate "2012.09.15"]

1. e4 c6 2. d4 d5 3. exd5 cxd5 4. Bd3 Nc6 5. c3 Nf6 6. Bf4 Qb6 7. Qb3 Qxb3 8.
axb3 g6 9. Nf3 Bg7 10. Nbd2 O-O 11. O-O Nh5 12. Bg3 f6 13. b4 e5 14. b5 Nxg3
15. hxg3 Ne7 16. dxe5 fxe5 17. Bc2 e4 18. Rfe1 Bh6 19. Nf1 Nf5 20. Nh4 Nd6 21.
Rad1 Be6 22. Bb3 Rae8 23. Bxd5 g5 24. Nf3 Bxd5 25. Rxd5 exf3 26. Ne3 Nc4 27.
gxf3 Rxf3 28. Kg2 Nxe3+ 29. Rxe3 Rfxe3 30. fxe3 Kf7 31. Kf3 Ke6 32. Rc5 Kd6 33.
Rf5 Rf8 34. Ke4 Rxf5 35. Kxf5 g4 36. e4 Bc1 37. Kf6 h5 38. e5+ Kd7 39. b4 Ke8
40. c4 h4 41. c5 hxg3 42. c6 bxc6 43. bxc6 Bb2 44. Ke6 Kd8 0-1

[Event "25. Torneo de Moratalaz 2012"]
[Site "Madrid ESP"]
[Date "2012.09.21"]
[Round "7.1"]
[White "Prieto Martin, Alfonso"]
[Black "Moreno Ruiz, Javier"]
[Result "1-0"]
[WhiteElo "2146"]
[BlackElo "2492"]
[PlyCount "53"]
[EventDate "2012.09.15"]
[EventType "swiss"]
[EventRounds "9"]
[EventCountry "ESP"]
[Source "lmi"]
[SourceDate "2012.09.15"]

1. e4 c5 2. Nf3 e6 3. c3 Nf6 4. e5 Nd5 5. d4 cxd4 6. Bc4 Nb6 7. Bb3 d6 8. exd6
dxc3 9. Nxc3 Bxd6 10. O-O O-O 11. Qe2 Nc6 12. Rd1 Qe7 13. Ne4 Bc7 14. Be3 Nd7
15. Rac1 Rd8 16. Qb5 h6 17. Rxc6 a6 18. Qc4 bxc6 19. Qxc6 Bxh2+ 20. Kxh2 Rb8
21. Qd6 Qxd6+ 22. Nxd6 Nf6 23. Ne5 Nd5 24. Ndxf7 Rf8 25. Nd6 Nxe3 26. fxe3 Rb6
27. Ng6 1-0

[Event "25. Torneo de Moratalaz 2012"]
[Site "Madrid ESP"]
[Date "2012.09.21"]
[Round "7.2"]
[White "Roa Alonso, Santiago"]
[Black "Hernandez Carmenate, Holden"]
[Result "1/2-1/2"]
[WhiteElo "2426"]
[BlackElo "2561"]
[PlyCount "85"]
[EventDate "2012.09.15"]
[EventType "swiss"]
[EventRounds "9"]
[EventCountry "ESP"]
[Source "lmi"]
[SourceDate "2012.09.15"]

1. d4 Nf6 2. c4 e6 3. Nf3 Bb4+ 4. Bd2 a5 5. Qc2 d6 6. Nc3 O-O 7. g3 Nc6 8. a3
Bxc3 9. Bxc3 d5 10. Bg2 dxc4 11. O-O Nd5 12. e4 Nxc3 13. Qxc3 b5 14. a4 Ba6 15.
axb5 Bxb5 16. Rfd1 Nb4 17. Ne5 Nd3 18. Nxd3 cxd3 19. Bf1 c6 20. Bxd3 Qb6 21.
Rd2 Rfd8 22. Bc2 Rd7 23. h4 h5 24. Rad1 Rad8 25. e5 g6 26. Qe3 Bc4 27. Qh6 Qb4
28. g4 Qe7 29. f3 hxg4 30. fxg4 c5 31. h5 Rxd4 32. Rxd4 cxd4 33. hxg6 fxg6 34.
b3 Be2 35. Rd2 d3 36. Qxg6+ Qg7 37. Qxe6+ Qf7 38. Qxf7+ Kxf7 39. Bd1 Bxd1 40.
Rxd1 Ke6 41. Kf2 Kxe5 42. Ke3 Rd4 43. Rxd3 1/2-1/2

[Event "25. Torneo de Moratalaz 2012"]
[Site "Madrid ESP"]
[Date "2012.09.21"]
[Round "7.3"]
[White "Serrano Salvador, Eduardo"]
[Black "Arribas Lopez, Angel"]
[Result "1-0"]
[WhiteElo "2319"]
[BlackElo "2467"]
[PlyCount "101"]
[EventDate "2012.09.15"]
[EventType "swiss"]
[EventRounds "9"]
[EventCountry "ESP"]
[Source "lmi"]
[SourceDate "2012.09.15"]

1. d4 g6 2. Nf3 Bg7 3. c4 d6 4. Nc3 Bg4 5. e3 Nc6 6. Be2 e5 7. d5 Nce7 8. h3
Bd7 9. e4 Nf6 10. g4 c6 11. Be3 cxd5 12. cxd5 b5 13. g5 Nh5 14. Nxb5 Qb8 15.
Qb3 a6 16. Na3 Nf4 17. Qxb8+ Rxb8 18. Bxa6 Ng2+ 19. Kd2 Rxb2+ 20. Kc3 Rb8 21.
Nc4 O-O 22. a4 f5 23. gxf6 Rxf6 24. Nfd2 Nf4 25. Bxf4 exf4 26. Kd3 g5 27. a5
Rh6 28. Rag1 Rh5 29. Nb6 Bxh3 30. Bb5 Nc8 31. Ndc4 Nxb6 32. axb6 g4 33. Bc6 g3
34. fxg3 f3 35. Rh2 Rf8 36. Rf2 Bc8 37. b7 Bxb7 38. Bxb7 Rb8 39. Rb1 Be5 40.
Nxe5 Rxe5 41. Rb5 Rf8 42. Ke3 Rfe8 43. Rb4 Rb8 44. Rxf3 Re7 45. Rf6 Rexb7 46.
Rxb7 Rxb7 47. Rxd6 Rb1 48. Rf6 Re1+ 49. Kf4 Kg7 50. Rf5 Rd1 51. g4 1-0

[Event "25. Torneo de Moratalaz 2012"]
[Site "Madrid ESP"]
[Date "2012.09.21"]
[Round "7.4"]
[White "Spitzer Isbert, Ramon"]
[Black "Almagro Llamas, Pablo"]
[Result "0-1"]
[WhiteElo "2078"]
[BlackElo "2455"]
[PlyCount "60"]
[EventDate "2012.09.15"]
[EventType "swiss"]
[EventRounds "9"]
[EventCountry "ESP"]
[Source "lmi"]
[SourceDate "2012.09.15"]

1. Nf3 Nf6 2. d4 e6 3. c4 c5 4. Nc3 cxd4 5. Nxd4 d6 6. g3 Be7 7. Bg2 O-O 8. O-O
a6 9. b3 Qc7 10. Bb2 Rd8 11. Rc1 Nbd7 12. Qd2 Nf8 13. Rfd1 Bd7 14. Qe3 Ng6 15.
h3 Rac8 16. Kh2 Qb8 17. Ne4 Ne8 18. Ng5 Rc5 19. f4 e5 20. Ndf3 exf4 21. gxf4
Rf5 22. Rd5 Rxf4 23. Ne4 Bc6 24. Rcd1 Bxd5 25. Rxd5 Nc7 26. Kh1 Nxd5 27. cxd5
Qc8 28. Ng3 Bf6 29. Bxf6 Rxf6 30. Nd4 Re8 0-1

[Event "25. Torneo de Moratalaz 2012"]
[Site "Madrid ESP"]
[Date "2012.09.21"]
[Round "7.5"]
[White "Fayos Mestre, Jose Maria"]
[Black "Hernando Pertierra, Jose Carlos"]
[Result "0-1"]
[WhiteElo "1997"]
[BlackElo "2376"]
[PlyCount "68"]
[EventDate "2012.09.15"]
[EventType "swiss"]
[EventRounds "9"]
[EventCountry "ESP"]
[Source "lmi"]
[SourceDate "2012.09.15"]

1. c4 Nf6 2. Nc3 e5 3. g3 Bc5 4. Bg2 O-O 5. Nf3 Re8 6. O-O Nc6 7. a3 a5 8. e3
d5 9. cxd5 Nxd5 10. Nxd5 Qxd5 11. d4 e4 12. dxc5 Qxd1 13. Rxd1 Bg4 14. h3 Bxf3
15. Bxf3 exf3 16. Bd2 Red8 17. Bc3 a4 18. Kh2 h5 19. g4 h4 20. g5 Rxd1 21. Rxd1
Rd8 22. Rg1 Ne7 23. Rg4 Ng6 24. Rxa4 Rd5 25. Rb4 Rxg5 26. Rxb7 Rg2+ 27. Kh1
Rxf2 28. Rxc7 Rf1+ 29. Kh2 Rd1 30. Rc8+ Kh7 31. Rc7 f6 32. Bxf6 f2 33. Rxg7+
Kh6 34. Rf7 Rh1+ 0-1

[Event "25. Torneo de Moratalaz 2012"]
[Site "Madrid ESP"]
[Date "2012.09.22"]
[Round "8.1"]
[White "Prieto Martin, Alfonso"]
[Black "Serrano Salvador, Eduardo"]
[Result "0-1"]
[WhiteElo "2146"]
[BlackElo "2319"]
[PlyCount "78"]
[EventDate "2012.09.15"]
[EventType "swiss"]
[EventRounds "9"]
[EventCountry "ESP"]
[Source "lmi"]
[SourceDate "2012.09.15"]

1. e4 e5 2. Nf3 Nf6 3. d4 Nxe4 4. Bd3 d5 5. dxe5 Be7 6. O-O Nc5 7. Be2 Nc6 8.
Re1 Be6 9. c3 O-O 10. Bf4 g5 11. Be3 Nd7 12. Nd4 Ndxe5 13. Nxe6 fxe6 14. Bg4
Nxg4 15. Qxg4 Rf5 16. f4 Qd7 17. Rd1 Raf8 18. h3 Bd6 19. Nd2 e5 20. fxe5 Nxe5
21. Qd4 Nc6 22. Qg4 Qe7 23. Re1 Re5 24. Bf2 Bc5 25. Bxc5 Rxe1+ 26. Rxe1 Qxe1+
27. Kh2 Qe5+ 28. Kh1 Re8 29. Nf3 Qf4 30. Qd7 Qf7 31. Qg4 h6 32. h4 Ne5 33. Nxe5
Rxe5 34. hxg5 Rxg5 35. Qc8+ Kh7 36. Kg1 Rf5 37. Bd4 Rf1+ 38. Kh2 Qh5+ 39. Kg3
Qg5+ 0-1

[Event "25. Torneo de Moratalaz 2012"]
[Site "Madrid ESP"]
[Date "2012.09.22"]
[Round "8.2"]
[White "Hernando Pertierra, Jose Carlos"]
[Black "Hernandez Carmenate, Holden"]
[Result "0-1"]
[WhiteElo "2376"]
[BlackElo "2561"]
[PlyCount "92"]
[EventDate "2012.09.15"]
[EventType "swiss"]
[EventRounds "9"]
[EventCountry "ESP"]
[Source "lmi"]
[SourceDate "2012.09.15"]

1. g3 e5 2. Bg2 Nf6 3. c3 d5 4. d4 e4 5. Bg5 Nbd7 6. c4 c6 7. cxd5 cxd5 8. Nc3
h6 9. Bxf6 Nxf6 10. Bh3 b5 11. Bxc8 Rxc8 12. Nxb5 Qa5+ 13. Nc3 Bb4 14. Kf1 Bxc3
15. bxc3 Rxc3 16. Nh3 O-O 17. Nf4 g5 18. Ng2 Rfc8 19. Ne3 Rxe3 20. fxe3 Ng4 21.
Qe1 Qa6 22. Kg1 Rc2 23. h3 Nxe3 24. Rh2 Qc4 25. Rb1 Qxd4 26. Rf2 Qe5 27. Kh2
Nf5 28. Rg2 h5 29. Qb4 h4 30. Qb8+ Qxb8 31. Rxb8+ Kh7 32. g4 Ng3 33. Rb7 Kg6
34. Rxa7 Nxe2 35. Ra6+ Kg7 36. Ra5 d4 37. Re5 e3 38. a4 Rd2 39. Rxg5+ Kf6 40.
Rf5+ Ke6 41. a5 Ng3 42. Rb5 e2 43. Rb1 d3 44. a6 Rd1 45. a7 e1=Q 46. Rxd1 Qxd1
0-1

[Event "25. Torneo de Moratalaz 2012"]
[Site "Madrid ESP"]
[Date "2012.09.22"]
[Round "8.3"]
[White "Moreno Ruiz, Javier"]
[Black "Avendano Mateos, Jose"]
[Result "1-0"]
[WhiteElo "2492"]
[BlackElo "2014"]
[PlyCount "45"]
[EventDate "2012.09.15"]
[EventType "swiss"]
[EventRounds "9"]
[EventCountry "ESP"]
[Source "lmi"]
[SourceDate "2012.09.15"]

1. d4 d5 2. c4 c6 3. Nc3 e6 4. e3 f5 5. Bd3 Nf6 6. Nge2 Bd6 7. Qc2 Ne4 8. O-O
O-O 9. f3 Nxc3 10. bxc3 b6 11. Bd2 Ba6 12. cxd5 Bxd3 13. Qxd3 exd5 14. c4 Nd7
15. Rfc1 g6 16. cxd5 cxd5 17. Rc6 Nf6 18. Rac1 Qd7 19. Qa6 Rae8 20. a4 Nh5 21.
Qb5 Nf6 22. Nc3 Bb8 23. Rxf6 1-0

[Event "25. Torneo de Moratalaz 2012"]
[Site "Madrid ESP"]
[Date "2012.09.22"]
[Round "8.4"]
[White "Almagro Llamas, Pablo"]
[Black "Roa Alonso, Santiago"]
[Result "1/2-1/2"]
[WhiteElo "2455"]
[BlackElo "2426"]
[PlyCount "229"]
[EventDate "2012.09.15"]
[EventType "swiss"]
[EventRounds "9"]
[EventCountry "ESP"]
[Source "lmi"]
[SourceDate "2012.09.15"]

1. e4 c5 2. Nf3 Nc6 3. Bb5 g6 4. O-O Bg7 5. Bxc6 dxc6 6. d3 Nf6 7. a3 b6 8.
Nbd2 O-O 9. h3 Ne8 10. Rb1 a5 11. Nc4 Ba6 12. Nce5 f6 13. Ng4 e5 14. b4 axb4
15. axb4 cxb4 16. Rxb4 Nd6 17. Re1 c5 18. Rb2 b5 19. c3 h5 20. Ne3 Bc8 21. Qc2
Be6 22. d4 Rc8 23. Qb1 Qe7 24. Rd1 exd4 25. cxd4 c4 26. e5 fxe5 27. dxe5 Nf5
28. Rxb5 Rfd8 29. Re1 c3 30. Nc2 Rd7 31. Ng5 Bc4 32. Rb6 Qe8 33. Qb4 Bd3 34.
Qb3+ Kh8 35. Re6 Re7 36. Rxe7 Qxe7 37. Nf7+ Kh7 38. Ng5+ Kh8 39. e6 Bf6 40.
Nf7+ Kg7 41. Na3 Nd4 42. Qd1 Bf5 43. Bg5 c2 44. Qc1 Nxe6 45. Bxf6+ Qxf6 46. Nd6
Rf8 47. Nxf5+ Qxf5 48. Qxc2 Qxc2 49. Nxc2 Nf4 50. Nd4 Rd8 51. Nf3 Kf6 52. Re4
Ne6 53. g3 Rd5 54. Kg2 Rc5 55. Ra4 Rc6 56. Ra5 Rb6 57. Nd2 Rb4 58. h4 Rd4 59.
Nf3 Re4 60. Kf1 Rb4 61. Ra6 Kf5 62. Ra5+ Kf6 63. Ne5 Rd4 64. Kg2 Rd2 65. Nc4
Rd4 66. Ne3 Rd7 67. Nd5+ Kf7 68. Nc3 Rd4 69. Ra6 Nc5 70. Ra7+ Kf6 71. Ra5 Nd3
72. Nd5+ Kf7 73. Rb5 Ke6 74. Ne3 Ne5 75. Kf1 Ra4 76. Rb6+ Kf7 77. Nd5 Ra1+ 78.
Kg2 Ng4 79. Rb7+ Kg8 80. Rb8+ Kf7 81. Rb7+ Kg8 82. Rb2 Rd1 83. Nf4 Rd6 84. Re2
Kf7 85. Nh3 Ra6 86. Ng5+ Kf8 87. Rb2 Ra7 88. Re2 Ra6 89. f3 Nf6 90. Ne6+ Kf7
91. Ng5+ Kf8 92. Rb2 Ra7 93. Rb8+ Kg7 94. Kh3 Re7 95. Rb6 Rd7 96. Ne6+ Kf7 97.
Ra6 Nd5 98. g4 hxg4+ 99. fxg4 Re7 100. Ng5+ Kg7 101. Kg3 Re3+ 102. Nf3 Nf6 103.
Ra7+ Kg8 104. g5 Nh5+ 105. Kf2 Re4 106. Ra5 Kg7 107. Ne5 Rxh4 108. Ra7+ Kg8
109. Nxg6 Rg4 110. Ne7+ Kf8 111. g6 Rf4+ 112. Kg2 Rf6 113. Kh3 Re6 114. Kh4 Ng7
115. Nd5 1/2-1/2

[Event "25. Torneo de Moratalaz 2012"]
[Site "Madrid ESP"]
[Date "2012.09.22"]
[Round "8.5"]
[White "Elissalt Cardenas, Hector"]
[Black "Martin Garcia, Guillermo"]
[Result "1-0"]
[WhiteElo "2353"]
[BlackElo "2016"]
[PlyCount "59"]
[EventDate "2012.09.15"]
[EventType "swiss"]
[EventRounds "9"]
[EventCountry "ESP"]
[Source "lmi"]
[SourceDate "2012.09.15"]

1. d4 Nf6 2. Nf3 g6 3. c4 Bg7 4. Nc3 O-O 5. h3 d6 6. Bf4 c5 7. e3 Qa5 8. Qd2
cxd4 9. exd4 e5 10. Be3 Nc6 11. Be2 Re8 12. d5 Nd4 13. Nxd4 exd4 14. Bxd4 Bf5
15. g4 Ne4 16. Nxe4 Qxd2+ 17. Nxd2 Bd3 18. Be3 Bxb2 19. Bxd3 Bxa1 20. O-O Be5
21. Rb1 Re7 22. Nf3 Bf6 23. g5 Bg7 24. Bf4 Rd8 25. Nd2 b6 26. a4 Be5 27. Be3 f5
28. gxf6 Bxf6 29. Ne4 Be5 30. Bg5 1-0

[Event "25. Torneo de Moratalaz 2012"]
[Site "Madrid ESP"]
[Date "2012.09.23"]
[Round "9.1"]
[White "Serrano Salvador, Eduardo"]
[Black "Moreno Ruiz, Javier"]
[Result "1/2-1/2"]
[WhiteElo "2319"]
[BlackElo "2492"]
[PlyCount "21"]
[EventDate "2012.09.15"]
[EventType "swiss"]
[EventRounds "9"]
[EventCountry "ESP"]
[Source "lmi"]
[SourceDate "2012.09.15"]

1. d4 d5 2. c4 dxc4 3. Nf3 Nf6 4. e3 e6 5. Bxc4 c5 6. O-O a6 7. dxc5 Bxc5 8.
Qxd8+ Kxd8 9. b3 Nc6 10. Bb2 Ke7 11. Nbd2 1/2-1/2

[Event "25. Torneo de Moratalaz 2012"]
[Site "Madrid ESP"]
[Date "2012.09.23"]
[Round "9.2"]
[White "Hernandez Carmenate, Holden"]
[Black "Almagro Llamas, Pablo"]
[Result "1-0"]
[WhiteElo "2561"]
[BlackElo "2455"]
[PlyCount "43"]
[EventDate "2012.09.15"]
[EventType "swiss"]
[EventRounds "9"]
[EventCountry "ESP"]
[Source "lmi"]
[SourceDate "2012.09.15"]

1. d4 Nf6 2. c4 e6 3. Nf3 c5 4. d5 b5 5. Bg5 h6 6. Bxf6 Qxf6 7. e4 Qxb2 8. Nbd2
b4 9. Bd3 d6 10. e5 exd5 11. cxd5 Nd7 12. O-O Nb6 13. Re1 Kd8 14. exd6 Bxd6 15.
Ne4 Kc7 16. Nxd6 Kxd6 17. Ne5 Kc7 18. d6+ Kb8 19. Nc6+ Kb7 20. Na5+ Kb8 21. Re7
Bd7 22. Qf3 1-0

[Event "25. Torneo de Moratalaz 2012"]
[Site "Madrid ESP"]
[Date "2012.09.23"]
[Round "9.3"]
[White "Roa Alonso, Santiago"]
[Black "Horcajada Reales, Guillermo"]
[Result "0-1"]
[WhiteElo "2426"]
[BlackElo "2207"]
[PlyCount "66"]
[EventDate "2012.09.15"]
[EventType "swiss"]
[EventRounds "9"]
[EventCountry "ESP"]
[Source "lmi"]
[SourceDate "2012.09.15"]

1. e4 e6 2. d4 d5 3. Nd2 Nf6 4. e5 Nfd7 5. Bd3 c5 6. c3 Nc6 7. Ngf3 cxd4 8.
cxd4 Qb6 9. O-O Be7 10. Re1 a5 11. a3 a4 12. Qe2 Ndb8 13. Rb1 Na5 14. b4 axb3
15. Nxb3 Nxb3 16. Qd1 Bd7 17. Rxb3 Qa7 18. Qc2 Nc6 19. Qb1 Na5 20. Rb2 h6 21.
Bd2 Bc6 22. Bb4 Nc4 23. Rb3 Bxb4 24. axb4 Bb5 25. h3 Qa2 26. Nh2 Ke7 27. Nf1
Rhc8 28. Rc3 Qxb1 29. Rxb1 f6 30. exf6+ Kxf6 31. Bc2 Na3 32. Rf3+ Ke7 33. Bd3
Bxd3 0-1

[Event "25. Torneo de Moratalaz 2012"]
[Site "Madrid ESP"]
[Date "2012.09.23"]
[Round "9.4"]
[White "Prieto Martin, Alfonso"]
[Black "Elissalt Cardenas, Hector"]
[Result "0-1"]
[WhiteElo "2146"]
[BlackElo "2353"]
[PlyCount "74"]
[EventDate "2012.09.15"]
[EventType "swiss"]
[EventRounds "9"]
[EventCountry "ESP"]
[Source "lmi"]
[SourceDate "2012.09.15"]

1. e4 g6 2. d4 Bg7 3. c4 d6 4. Nc3 e5 5. Nge2 Nc6 6. Be3 exd4 7. Nxd4 Nge7 8.
Be2 O-O 9. Qd2 Bd7 10. O-O-O a6 11. h4 f5 12. exf5 Bxd4 13. Bxd4 Nxf5 14. Be3
Nxe3 15. Qxe3 Qf6 16. Bf3 Rae8 17. Nd5 Qg7 18. Qc3 Qxc3+ 19. bxc3 Ne5 20. Nxc7
Rc8 21. Nd5 Rxc4 22. Nb6 Rxc3+ 23. Kb2 Rc7 24. Rxd6 Bc6 25. h5 Nxf3 26. gxf3
Bxf3 27. Re1 Bxh5 28. Rd2 Rcf7 29. Rf1 Bf3 30. Nd7 Re8 31. Rc1 Kg7 32. Nc5 h5
33. Nb3 h4 34. Nd4 Bg2 35. f4 h3 36. Rf2 Re4 37. Rd1 Rxd4 0-1

[Event "25. Torneo de Moratalaz 2012"]
[Site "Madrid ESP"]
[Date "2012.09.23"]
[Round "9.5"]
[White "Martin Duque, Jesus"]
[Black "Morales Fernandez, Alejandro"]
[Result "1-0"]
[WhiteElo "2261"]
[BlackElo "1940"]
[PlyCount "83"]
[EventDate "2012.09.15"]
[EventType "swiss"]
[EventRounds "9"]
[EventCountry "ESP"]
[Source "lmi"]
[SourceDate "2012.09.15"]

1. e4 e5 2. Nf3 Nf6 3. Nxe5 d6 4. Nf3 Nxe4 5. Nc3 Nxc3 6. dxc3 Be7 7. Be3 Nc6
8. Qd2 Bg4 9. Be2 Qd7 10. h3 Bf5 11. O-O-O a6 12. g4 Be4 13. Rhe1 O-O-O 14. Nd4
h5 15. Nxc6 Qxc6 16. gxh5 Bh4 17. Bg5 Bxg5 18. Qxg5 Qa4 19. Bg4+ Kb8 20. b3
Qa3+ 21. Kb1 Rde8 22. Rxe4 Rxe4 23. Qxg7 Ree8 24. Qxf7 Qc5 25. f3 Qxc3 26. Qf5
Re1 27. Rxe1 Qxe1+ 28. Kb2 Qe5+ 29. Qxe5 dxe5 30. Kc3 c6 31. Kd3 Kc7 32. Ke4
Kd6 33. Kf5 Rf8+ 34. Kg6 Ke7 35. h6 Rf6+ 36. Kg5 b6 37. Bh5 Rf8 38. h7 Rh8 39.
Kg6 Kf8 40. Bg4 c5 41. Be6 a5 42. Bg8 1-0